Govt. of
Madhya Pradesh

Normal view MARC view

Entry Personal Name

Number of records used in: 1

001 - CONTROL NUMBER

  • control field: 64599

003 - CONTROL NUMBER IDENTIFIER

  • control field: OSt

005 - DATE AND TIME OF LATEST TRANSACTION

  • control field: 20160717133537.0

008 - FIXED-LENGTH DATA ELEMENTS

  • fixed length control field: 160717|| aca||aabn | a|a d

040 ## - CATALOGING SOURCE

  • Original cataloging agency: OSt
  • Transcribing agency: OSt

100 ## - HEADING--PERSONAL NAME

  • Personal name: भरूचा, इराक

670 ## - SOURCE DATA FOUND

  • Source citation: Work cat.: (OSt): भरूचा, इराक , पर्यावरण अध्‍ययन स्‍नातक पाठ़यक्रमों के लिए पाठ़यपुस्‍तक , 2006